00850 a2200181 4500003000500000005001700005040000900022082001500031100002700046245004500073260001100118300001000129505035800139650001600497942001200513999001900525952012400544Nust20230120110620.0 cNust a808.83,BEN aBennett,Arnold9107222 aAnna of the Five Towns /cArnold Bennett aLondom a254:P aThe Kingling of Love (Page-9), The Miser’s Daughter (Page-25), The Birthday (Page-36), A Visit (Page-53), The Revival (Page-63), Willie (Page-74), The Sewing Meeting (Page-93), On the Bank (Page-114), The Treat (Page-134), The isle (Page-153), The Downfall (Page-188), A the priory (Page-220), The Bazar (Page-241), End of Simple Soul (Page-253).  aNovel92525 2ddccBK c186919d186919 00102ddc4070aMCSbMCScGENd2016-12-12o808.83,BENpMCS29854r2016-12-08w2016-12-12yBKzAlmirah No.56, Shelf No.4